Statistiken für Flaggen der Welt mit einem Kreuz

Klicken Sie hier um das Quiz zu spielen!

Allgemein

  • Dieses Quiz wurde 100 mal gespielt
  • Das Durchschnittsergebnis liegt bei 20 aus 33

Antwortstatistiken

Antwort% Korrekt
Australien
94%
Dänemark
92%
Vereinigtes Königreich
92%
Griechenland
90%
Finnland
89%
Jamaika
89%
Georgien
86%
Island
86%
Malta
86%
Schweden
86%
Norwegen
84%
Neuseeland
78%
Burundi
77%
Dominikanische Republik
77%
Fidschi
77%
Dominica
74%
Tonga
72%
Tuvalu
63%
Färöer-Inseln
44%
Aland
43%
Jersey
40%
Cookinseln
38%
Nordirland
38%
Guernsey
36%
Niue
35%
Bermuda
33%
Falkland Inseln
33%
Britische Jungferninseln
32%
Anguilla
24%
Montserrat
20%
Kaimaniinseln
19%
Turks- und Caicosinseln
15%
Südgeorgien und die Südlichen Sandwichinseln
13%

Verteilung der Resultate

Perzentil nach korrekt beantworteten Fragen

Anzahl Personen mit jedem Resultat

Ihre Resultats-Entwicklung

Sie haben dieses Quiz noch nicht gespielt